[Event "Quebec-ch U16"]
[Site "Montreal"]
[Date "1994.02.27"]
[Round "6"]
[White "Hua, Lefong"]
[Black "Shatat, Jon"]
[Result "1-0"]
[WhiteElo "1837"]
[BlackElo "1709"]
[PlyCount "109"]
[EventDate "1994.02.24"]
[EventType "tourn"]
[EventRounds "7"]
[EventCountry "CAN"]
[SourceTitle "EXT 2022"]
[Source "ChessBase"]
[SourceDate "2021.10.06"]
[SourceVersion "1"]
[SourceVersionDate "2021.10.06"]
[SourceQuality "1"]

1. d4 d5 2. Nf3 e6 3. Bf4 Nf6 4. Nbd2 Bd6 5. Bg3 0-0 6. e3 c5 7. c3 Qc7 8. Bd3 Nbd7 9. Qe2 e5 10. dxe5 Nxe5 11. Nxe5 Bxe5 12. Nf3 Bd6 13. Bxd6 Qxd6 14. h3 Ne4 15. 0-0 f5 16. Rfd1 Qc7 17. c4 Be6 18. cxd5 Bxd5 19. Bxe4 fxe4 20. Rxd5 exf3 21. Qc4 Kh8 22. Rxc5 Qb6 23. Qb5 Qd6 24. Rd5 Qe6 25. Qd7 Qf6 26. g3 Qxb2 27. Rad1 Rae8 28. Rb5 Qxa2 29. Rxb7 Rg8 30. Rxa7 Qb2 31. Qd4 Qb8 32. Rd7 Ref8 33. Qg4 Qa8 34. R7d5 Rf6 35. Rf5 Rxf5 36. Qxf5 Rf8 37. Qd5 Qc8 38. Qd7 Qc2 39. Qd3 Qc8 40. Kh2 h6 41. Qe4 Qa6 42. Qd3 Qf6 43. Qd6 Qf7 44. Rd4 Qe8 45. Rf4 Rxf4 46. Qxf4 Qc6 47. g4 g5 48. Qe5+ Kh7 49. Kg3 Kg8 50. Qf5 Qd6+ 51. Kxf3 Qh2 52. Qg6+ Kf8 53. Qxh6+ Kf7 54. Ke2 Ke8 55. Qxg5 1-0

[Event "Quebec-ch U16"]
[Site "Montreal"]
[Date "1994.02.26"]
[Round "5"]
[White "Shatat, Jon"]
[Black "Caplan, Adam"]
[Result "0-1"]
[WhiteElo "1709"]
[BlackElo "1563"]
[PlyCount "118"]
[EventDate "1994.02.24"]
[EventType "tourn"]
[EventRounds "7"]
[EventCountry "CAN"]
[SourceTitle "EXT 2022"]
[Source "ChessBase"]
[SourceDate "2021.10.06"]
[SourceVersion "1"]
[SourceVersionDate "2021.10.06"]
[SourceQuality "1"]

1. e4 c5 2. Nf3 e6 3. d4 cxd4 4. Nxd4 Nf6 5. Nc3 d6 6. Bc4 Be7 7. 0-0 a6 8. a3 Nc6 9. Kh1 Bd7 10. f4 0-0 11. f5 Nxd4 12. Qxd4 exf5 13. exf5 Rc8 14. Rf3 Bc6 15. Rh3 d5 16. Bd3 Ne4 17. Bxe4 dxe4 18. Qf2 Bf6 19. Qe2 Bxc3 20. Qh5 Re8 21. bxc3 Qf6 22. Qxh7+ Kf8 23. Be3 Bd7 24. Bd4 Qxf5 25. Qxg7+ Ke7 26. Rh6 Rc6 27. Rxc6 Bxc6 28. Rd1 Ba4 29. Be5 Bxc2 30. Re1 Rd8 31. h3 Rd2 32. Bd4 Bd3 33. Qg3 Kd7 34. Qe3 Ra2 35. Bc5 Qg6 36. Qd4+ Kc6 37. Qg1 f5 38. Bb4 b6 39. Ra1 Re2 40. Re1 f4 41. Rxe2 Bxe2 42. Qf2 f3 43. gxf3 exf3 44. Be7 Qe6 45. Bh4 Qxh3+ 46. Kg1 Bc4 47. Bd8 b5 48. Qb6+ Kd5 49. Qd4+ Ke6 50. Qf6+ Kd7 51. Qe7+ Kc6 52. Qc7+ Kd5 53. Qb7+ Ke5 54. Bc7+ Kf5 55. Qc8+ Be6 56. Qf8+ Ke4 57. Qf4+ Kd3 58. Qe3+ Kxe3 59. Bb6+ Kd2 0-1

[Event "Quebec-ch U16"]
[Site "Montreal"]
[Date "1992.02.28"]
[Round "2"]
[White "Desjardins, Serge"]
[Black "Shatat, Jon"]
[Result "1/2-1/2"]
[WhiteElo "1690"]
[BlackElo "1573"]
[PlyCount "72"]
[EventDate "1992.02.27"]
[EventType "tourn"]
[EventRounds "7"]
[EventCountry "CAN"]
[SourceTitle "EXT 2022"]
[Source "ChessBase"]
[SourceDate "2021.10.06"]
[SourceVersion "1"]
[SourceVersionDate "2021.10.06"]
[SourceQuality "1"]

1. d4 d5 2. Nf3 e6 3. e3 Nf6 4. Bd3 c5 5. c3 Nc6 6. Ne5 Nxe5 7. dxe5 Nd7 8. f4 c4 9. Bc2 b6 10. Qg4 f5 11. Qg3 Bb7 12. Nd2 Qe7 13. Nf3 b5 14. b4 a6 15. Nd4 Nb8 16. Bd2 Nc6 17. 0-0 Nxd4 18. exd4 g6 19. a4 Bg7 20. axb5 axb5 21. Rxa8+ Bxa8 22. Ra1 0-0 23. Ra5 Bc6 24. Qe1 Qb7 25. Qa1 Ra8 26. Be1 Bf8 27. Bh4 Kf7 28. Bf6 Be7 29. Bxe7 Kxe7 30. Rxa8 Qxa8 31. Qxa8 Bxa8 32. Kf2 Bc6 33. Kg3 Kf7 34. Kh4 Kg7 35. Bd1 Be8 36. g4 h6 1/2-1/2